capitals with more than one S - Statistics

General Stats
  • This quiz has been taken 53 times
  • The average score is 8 of 13
Answer Stats
Answer % Correct
Buenos Aires
83%
Brussels
68%
San Salvador
68%
Nassau
66%
Basseterre
64%
Bissau
60%
Saint johns
57%
Kinshasa
55%
Saint George’s
55%
Castries
53%
Damascus
49%
San Jose
38%
Yamoussoukro
36%
No matching quizzes found
Score Distribution
Percent of People with Each Score
Percentile by Number Answered
Your Score History
You have not taken this quiz